Statistics for Name that current MP!

Click here to take the quiz!

General Stats

  • This quiz has been taken 16 times
  • The average score is 11 of 30

Answer Stats

Answer% Correct
Boris Johnson
100%
Diane Abbott
79%
Jacob Rees-Mogg
79%
Grant Shapps
71%
Priti Patel
71%
Rishi Sunak
71%
Sajid Javid
71%
Andrea Leadsom
64%
Angela Rayner
64%
Hilary Benn
50%
Ian Blackford
50%
Tim Farron
50%
Sir Ed Davey
43%
Sir Lindsay Hoyle
43%
Sir Keir Starmer
36%
Ben Wallace
29%
Cat Smith
29%
Stephen Barclay
29%
Stephen Crabb
21%
Dame Margaret Beckett
14%
Bell Ribeiro-Addy
7%
Ben Lake
7%
Daisy Cooper
7%
Jim Shannon
7%
Richard Bacon
7%
Chris Hazzard
0%
Christoper Pincher
0%
David Linden
0%
Mark Pritchard
0%
Mickey Brady
0%

Score Distribution

Percentile by Number Answered

Percent of People with Each Score

Your Score History

You have not taken this quiz